00826nam a2200229 i 4500001001000000003000900010005001700019007000300036008004100039040003000080082003000110245009700140264007000237300004500307336002800352337003300380338003000413490002300443651004800466651004800514700003400562000026934DO-SdBNP20240112132350.0ta110328s1991 ht a 000 | hat d aDO-SdBNPbspacBNPHUerda 4a327.729307294bA977re22200aAyiti , República Dominicana :bau seuil des années 90 /cintroducción de Susy Castor. aPuerto-Principe, Haití :bCentre de Recherches Sociales,c1991. a159 páginas :bilustraciones ;c22 cm. 2rdacontent atextobtxt 2rdamediaasin mediaciónbn 2rdacarrieravolumen bnc0 aDossier Haiti ;v4 4aHaitíxRelacioneszRepública Dominicana 4aRepública DominicanaxRelacioneszHaití1 aCastor, Susy,eintroducción